000 00443nam a2200169Ia 4500
008 090711s9999 xx 000 0 und d
082 _b63444
100 _aमेहता शशिकला
245 _aशोपिस
260 _c1989
300 _a155
600 _aमेहता शशिकला
630 _aशोपिस
700 _aमेहता शशिकला
730 _aशोपिस
942 _cBOOK
999 _c297422
_d297422